[Event "ITA-ch C"]
[Site "Civitanova Marche"]
[Date "2012.07.22"]
[Round "8"]
[White "Occhipinti, Giuseppe"]
[Black "Aprile, Martino"]
[Result "1-0"]
[WhiteElo "1971"]
[BlackElo "1925"]
[PlyCount "77"]
[EventDate "2012.07.15"]
[EventType "swiss"]
[EventRounds "8"]
[EventCountry "ITA"]
[SourceTitle "EXT 2023"]
[Source "ChessBase"]
[SourceDate "2022.10.05"]
[SourceVersion "1"]
[SourceVersionDate "2022.10.05"]
[SourceQuality "1"]

1. e4 b6 2. d4 e6 3. Bd3 c5 4. Nf3 cxd4 5. Nxd4 Bc5 6. Nb3 Bb7 7. Nxc5 bxc5 8. Qg4 g6 9. Bg5 Qb6 10. 0-0 Nc6 11. Nd2 Ne5 12. Qg3 d6 13. Bf4 Nxd3 14. cxd3 e5 15. Bxe5 dxe5 16. Qxe5+ Qe6 17. Qxh8 0-0-0 18. Qc3 Kb8 19. Rfd1 f5 20. Nf3 Rf8 21. Qe5+ Qxe5 22. Nxe5 Nf6 23. f3 Re8 24. Nc4 Ba6 25. b3 f4 26. Rac1 g5 27. Nd6 Re6 28. Nf5 g4 29. Rxc5 gxf3 30. gxf3 Nd7 31. Rc3 Ne5 32. Kf2 h5 33. d4 Nf7 34. d5 Rg6 35. d6 Ng5 36. d7 Nh3+ 37. Ke1 Rg1+ 38. Kd2 Rg2+ 39. Kc1 1-0

[Event "ITA-ch C"]
[Site "Civitanova Marche"]
[Date "2012.07.19"]
[Round "5"]
[White "Marani, Luca"]
[Black "Occhipinti, Giuseppe"]
[Result "0-1"]
[WhiteElo "1816"]
[BlackElo "1971"]
[PlyCount "112"]
[EventDate "2012.07.15"]
[EventType "swiss"]
[EventRounds "8"]
[EventCountry "ITA"]
[SourceTitle "EXT 2023"]
[Source "ChessBase"]
[SourceDate "2022.10.05"]
[SourceVersion "1"]
[SourceVersionDate "2022.10.05"]
[SourceQuality "1"]

1. e4 e5 2. Nf3 Nc6 3. Bc4 Bc5 4. c3 Nf6 5. d4 exd4 6. cxd4 Bb4+ 7. Bd2 Bxd2+ 8. Nbxd2 d5 9. exd5 Nxd5 10. Qb3 Nce7 11. 0-0 0-0 12. Rfe1 c6 13. Ne4 h6 14. Ne5 Nf5 15. Rad1 Re8 16. Nc3 Nfe7 17. Re2 Qb6 18. Nxd5 Nxd5 19. Bxd5 cxd5 20. Qxd5 Be6 21. Qf3 Rad8 22. d5 Qc7 23. h3 Qd6 24. Red2 Bxh3 25. Nxf7 Bxg2 26. Qf5 Qd7 27. Nxh6+ gxh6 28. Qxd7 Rxd7 29. Kxg2 Kf7 30. d6 Re6 31. f4 Kf6 32. Kf3 Re8 33. Rh1 Rh8 34. Kg4 Rg8+ 35. Kf3 Rh8 36. Ke4 h5 37. Kf3 Ke6 38. Re1+ Kf6 39. Rc1 Ke6 40. Re1+ Kf6 41. Ree2 h4 42. Rd5 h3 43. Kg3 Rhd8 44. Red2 Rh8 45. Kh2 Rh4 46. Kg3 Rh8 47. Kh2 Rh4 48. Kg3 Rh8 49. Rh2 Rg7+ 50. Kf3 Ke6 51. Rd3 Rd7 52. Re2+ Kf6 53. Kg3 h2 54. Rxh2 Rg7+ 55. Kf3 Rxh2 56. Ke4 Re7+ 0-1

[Event "Senigallia op-A"]
[Site "Senigallia"]
[Date "2010.07.27"]
[Round "3"]
[White "Foglia, Maurizio"]
[Black "Occhipinti, Giuseppe"]
[Result "1-0"]
[WhiteElo "2187"]
[BlackElo "1970"]
[PlyCount "82"]
[EventDate "2010.07.25"]
[EventType "swiss"]
[EventRounds "7"]
[EventCountry "ITA"]
[SourceTitle "CBM 137 Extra"]
[Source "ChessBase"]
[SourceDate "2010.09.01"]
[SourceVersion "1"]
[SourceVersionDate "2010.09.01"]
[SourceQuality "1"]

1. d4 d5 2. Nf3 Bf5 3. c4 c6 4. cxd5 cxd5 5. Qb3 Qc7 6. Nc3 e6 7. Bf4 Qb6 8. Qxb6 axb6 9. a3 Bb4 10. Rc1 Bxc3+ 11. Rxc3 Nc6 12. e3 Rc8 13. Bb5 Nge7 14. 0-0 f6 15. h3 Bg6 16. Rfc1 0-0 17. Bd6 Kf7 18. Bxc6 bxc6 19. Bxe7 Kxe7 20. Rxc6 Kd7 21. Rxc8 Rxc8 22. Rxc8 Kxc8 23. Kf1 Kc7 24. Ke1 Be4 25. Kd2 Kc6 26. Ne1 Kb5 27. b3 h5 28. h4 e5 29. f3 Bf5 30. dxe5 fxe5 31. Nd3 e4 32. fxe4 Bxe4 33. g3 g6 34. Kc3 Kc6 35. Kd4 Kd6 36. Nf4 Bc2 37. Nxd5 Bxb3 38. Nxb6 Bf7 39. Nc4+ Ke6 40. e4 Be8 41. e5 Kf5 1-0

[Event "Porto San Giorgio op-A 21st"]
[Site "Porto San Giorgio"]
[Date "2009.08.21"]
[Round "1"]
[White "Occhipinti, Giuseppe"]
[Black "Vuelban, Virgilio"]
[Result "0-1"]
[WhiteElo "1980"]
[BlackElo "2404"]
[PlyCount "65"]
[EventDate "2009.08.21"]
[EventType "swiss"]
[EventRounds "9"]
[EventCountry "ITA"]
[SourceTitle "CBM 131 Extra"]
[Source "ChessBase"]
[SourceDate "2009.09.03"]
[SourceVersion "2"]
[SourceVersionDate "2009.09.16"]
[SourceQuality "1"]

1. e4 c5 2. Nf3 Nc6 3. d4 cxd4 4. Nxd4 Nf6 5. Nc3 d6 6. Bc4 e6 7. Be3 Be7 8. Qe2 0-0 9. 0-0-0 a6 10. Rhg1 Qc7 11. Bb3 Na5 12. g4 b5 13. g5 Nd7 14. Kb1 Nc5 15. Qh5 Naxb3 16. axb3 Re8 17. Rg3 g6 18. Qh4 Bd7 19. Qh6 Bf8 20. Qh4 b4 21. Rh3 h5 22. gxh6 Qd8 23. Bg5 Be7 24. Bxe7 Qxe7 25. h7+ Kh8 26. Qh6 bxc3 27. Rh4 cxb2 28. Nf3 e5 29. Qe3 a5 30. Ng5 Ne6 31. Rxd6 Nxg5 32. Rxd7 Qa3 33. Rd6 0-1

[Event "IECC M-5411"]
[Site "IECC email"]
[Date "2006.01.26"]
[Round "?"]
[White "Occhipinti, Giuseppe"]
[Black "Basson, Heinrich"]
[Result "0-1"]
[WhiteElo "1744"]
[BlackElo "1848"]
[PlyCount "68"]
[EventDate "2006.??.??"]
[EventType "tourn (corr)"]
[EventRounds "10"]
[SourceTitle "Corr 2020"]
[Source "ChessBase"]
[SourceDate "2019.09.30"]
[SourceVersion "1"]
[SourceVersionDate "2019.09.30"]
[SourceQuality "1"]
[WhiteTeam "Italy"]
[BlackTeam "South Africa"]
[WhiteTeamCountry "ITA"]
[BlackTeamCountry "RSA"]

1. e4 e5 2. Nf3 Nf6 3. Bc4 Nxe4 4. Nxe5 d5 5. 0-0 dxc4 6. Re1 Qd4 7. Nf3 Qxf2+ 8. Kh1 Be6 9. Rxe4 Nc6 10. Nc3 0-0-0 11. d4 cxd3 12. cxd3 Qc5 13. Be3 Qf5 14. Qc2 Bd6 15. Rc1 Rhe8 16. Nd4 Qh5 17. Bg1 Nxd4 18. Rxd4 c6 19. Ne4 Bc7 20. Ra4 Bb8 21. b4 Qb5 22. Nc5 b6 23. Rb1 Bf5 24. Rb3 bxc5 25. Ra5 Bxd3 26. Qc1 Qc4 27. Rc3 Qf4 28. Qxf4 Bxf4 29. Rxa7 Re2 30. Ra8+ Bb8 31. b5 Be4 32. Rg3 Re1 33. Rxg7 Rdd1 34. Rg8+ Kd7 0-1